| Поле | Название | Значение |
| |
Тип записи |
a |
| |
Библиографический уровень |
m |
| 001 |
Контрольный номер |
RU/SLIB/B/208730378 |
| 005 |
Дата корректировки |
20201206204022.6 |
| 010 |
Индекс ISBN |
__ |
| a |
ISBN |
985-433-517-8 |
| d |
Цена |
291-73 |
| 101 |
Язык документа |
__ |
| a |
Язык текста |
rus |
| c |
Язык оригинала |
rus |
| 200 |
Заглавие и сведения об ответственности |
0_ |
| a |
Заглавие |
Всемирная история: Эллинистический и римский периоды |
| f |
Первые сведения об ответственности |
А. Н. Бадак [и др.] |
| b |
Общее обозначение материала |
Текст |
| 210 |
Выходные данные |
__ |
| a |
Место издания |
М. |
| c |
Издательство |
АСТ |
| 210 |
Выходные данные |
__ |
| a |
Место издания |
Минск |
| c |
Издательство |
Харвест |
| d |
Дата издания |
1999 |
| 215 |
Физическое описание |
__ |
| a |
Объем |
856 с. |
| c |
Иллюстрации/тип воспроизводства |
ил. |
| 320 |
Библиография |
__ |
| a |
Библиография |
Им. указ.: с. 834-842 |
| 330 |
Аннотация |
__ |
| a |
Аннотация |
Том "Всемирной истории " посвящен таким мощным пластам общественной жизни как эллинизм, становлению Римской империи и развитию государств Европы и Азии в I-II веках нашей эры. |
| 600 |
Персоналии |
__ |
| a |
Персоналии (Фамилия) |
Кир |
| 600 |
Персоналии |
__ |
| a |
Персоналии (Фамилия) |
Ахеменид |
| 600 |
Персоналии |
__ |
| a |
Персоналии (Фамилия) |
Дарий |
| 600 |
Персоналии |
__ |
| a |
Персоналии (Фамилия) |
Александр Македонский |
| 600 |
Персоналии |
__ |
| a |
Персоналии (Фамилия) |
Цезарь |
| 600 |
Персоналии |
__ |
| a |
Персоналии (Фамилия) |
Октавиан Август |
| 600 |
Персоналии |
__ |
| a |
Персоналии (Фамилия) |
Юлий |
| 600 |
Персоналии |
__ |
| a |
Персоналии (Фамилия) |
Клавдий |
| 600 |
Персоналии |
__ |
| a |
Персоналии (Фамилия) |
Траян |
| 600 |
Персоналии |
__ |
| a |
Персоналии (Фамилия) |
Адриан |
| 600 |
Персоналии |
__ |
| a |
Персоналии (Фамилия) |
Антонины |
| 600 |
Персоналии |
__ |
| a |
Персоналии (Фамилия) |
Камбис |
| 600 |
Персоналии |
__ |
| a |
Персоналии (Фамилия) |
Перикл |
| 600 |
Персоналии |
__ |
| a |
Персоналии (Фамилия) |
Ксеркс |
| 600 |
Персоналии |
__ |
| a |
Персоналии (Фамилия) |
Спартак |
| 600 |
Персоналии |
__ |
| a |
Персоналии (Фамилия) |
Агафокл |
| 600 |
Персоналии |
__ |
| a |
Персоналии (Фамилия) |
Адриан |
| 600 |
Персоналии |
__ |
| a |
Персоналии (Фамилия) |
Траян |
| 606 |
Тематические рубрики |
__ |
| a |
Основная рубрика |
История |
| z |
Хронологическая подрубрика |
1 в.; 2 в. |
| y |
Географическая подрубрика |
Римская республика; Греция; Персия; Афины; Спарта; Фивы; Сицилия; Македония; Рим; Северо-Восточная Европа; Казахстан; Сибирь; Италия; Египет; Средиземноморье; Бактрия; Парфия; Центральная Азия; Северное Причерноморье; Латвия; Литва; Эстония; Армения; Крым; Колхида |
| 606 |
Тематические рубрики |
__ |
| a |
Основная рубрика |
Всемирная история |
| 606 |
Тематические рубрики |
__ |
| a |
Основная рубрика |
Древний мир |
| 610 |
Ключевые слова |
__ |
| a |
Ключевые слова |
войны; дипломатия; культура; персоналии; экономика; христианство; политика; внутренняя торговля; религии; государственный строй; завоевательные войны; демократия; восстания; капитуляция; гражданские войны; государства; державы; империи; народы; провинции; династии; эллинизм; царства; власть; сатрапия; кельты; иберы; скифы; сарматы; меоты; германцы; Пунические войны; монархия; принципат; колонат; легионы |
| 686 |
Индексы других классификаций |
__ |
| a |
Классификационный индекс |
63.3(0)я2 |
| 686 |
Индексы других классификаций |
__ |
| a |
Классификационный индекс |
63.3(0)3я2 ; ст63.3(0)я2 + ст63.3(0)3я2 |
| 702 |
Вторичная интеллектуальная ответственность |
_1 |
| a |
Фамилия |
Бадак |
| b |
Имя |
А. Н. |
| 4 |
Код отношения |
Автор |
| 801 |
Источник записи |
_0 |
| a |
Страна |
RU |
| b |
Организация |
Муниципальное бюджетное учреждение культуры "Централизованная библиотечная система" г. Сургут (Центральная городская библиотека им. А. С. Пушкина) |
| g |
Правила каталогизации |
КиК/Поспелова |
| 801 |
Источник записи |
_1 |
| a |
Страна |
RU |
| b |
Организация |
Муниципальное бюджетное учреждение культуры "Централизованная библиотечная система" г. Сургут (Центральная городская библиотека им. А. С. Пушкина) |
| g |
Правила каталогизации |
КиК/Поспелова |
| 852 |
Данные о местонахождении |
__ |
| j |
Шифр хранения |
63.3(0)я2 |
| c |
Каталожный индекс |
63.3(0)я2; 63.3(0)3я2 |
| i |
Авторский знак |
В 84 |
| 901 |
Тип документа |
__ |
| t |
Тип документа |
m |
| 903 |
Характеристики (МАРС) |
__ |
| a |
Дата передачи |
20021031 |
| 990 |
Данные о заказе (DOS) |
__ |
| j |
Количество экземпляров (DOS) |
10 |
| t |
N записи в КСУ для И/У (DOS) |
200211 |